000 00991nam0a22002771 4500
001 rc\3784306
005 20250530050915.0
021 _aRU
_b[75-73222]
035 _a(NLR Aleph) 007237442
090 _a7746299
_c7746299
100 _a20120207d1975 |||y0rusy50 ca
101 0 _arus
102 _aRU
105 _ay z |||||
200 1 _aКлассному руководителю о комсомольской работе в школе
_fА.Н. Лутошкин
210 _aМосква
_cПросвещение
_d1975
215 _a191 с.
_d21
320 _aСписок лит.: с. 190
606 _aКомсомольские организации и их работа в школе
_2psbo
606 _aКлассные руководители в школе
_2psbo
700 1 _aЛутошкин
_bА.Н.
_f1935-1979
_gАнатолий Николаевич
801 0 _aRU
_bNLR
_gpsbo
801 1 _aRU
_bELAR
_2rusmarc
852 _aNLR
_j75-3/6045
942 _cBOOK
980 _aNB